| 000 | 00476nam a2200181Ia 4500 | ||
|---|---|---|---|
| 008 | 240925s9999 xx 000 0 und d | ||
| 020 | _a534923607 | ||
| 082 | _a621.317 FIS | ||
| 100 | _aMarvin, J. Fisher | ||
| 245 | 0 | _aPower Electronics | |
| 250 | _aNA | ||
| 260 |
_aBoston: _bPWS Kent publishing Co _c,1991. |
||
| 300 |
_aVarious pages _bNA _fInternational Edition |
||
| 500 | _aIncludes Index | ||
| 600 | _aElectronic Engineering | ||
| 650 | _aTechnology | ||
| 942 | _cBK | ||
| 999 |
_c4182 _d4182 |
||